|
|
|
|
| LEADER |
00000nab a2200000ua 4500 |
| 001 |
vtls010843054 |
| 003 |
SK-MaSNL |
| 005 |
20260303135904.0 |
| 008 |
230218s1956 xo |||||||||||||||||slo| |
| 035 |
|
|
|a (urnnbn)urn:nbn:sk:snk:ar-a0704y
|
| 035 |
|
|
|a urn:nbn:sk:snk-ab658b
|
| 035 |
|
|
|a (uuid)309ae584-0ebf-4d5a-818a-712161526ad5
|
| 040 |
|
|
|a SNKBUCL
|b slo
|c SNKBUCL
|e AACR2
|
| 041 |
0 |
|
|a slo
|
| 044 |
|
|
|a xo
|c SK
|
| 100 |
1 |
|
|a Seneš, Ján,
|d 1924-1992
|4 aut
|9 177362
|
| 245 |
1 |
0 |
|a HOJNOSŤ NIEKTORÝCH DRUHOV MÄKKÝŠOV VO FOSÍLNYCH BRAKICKÝCH SEDIMENTOCH
|c Ján Seneš
|
| 773 |
0 |
|
|t Geologický sborník
|g Roč. 7, č. 3-4 (1956), s. 214-221
|
| 954 |
|
|
|a odborná, vedecká literatúra pôvodná (slovenská)
|2 lita
|
| 958 |
|
|
|a OND
|
| 958 |
|
|
|a EUIPO
|
| 958 |
|
|
|a article5
|
| 999 |
|
|
|c 1968627
|d 1970557
|